Diccionario griego-español
Uloženo v:
| Hlavní autor: | |
|---|---|
| Médium: | Kniha |
| Jazyk: | španělština |
| Vydáno: |
Barcelona
Ramón Sopena
1954
|
| Vydání: | 1a. ed |
| Témata: | |
| Tagy: |
Přidat tag
Žádné tagy, Buďte první, kdo vytvoří štítek k tomuto záznamu!
|
MARC
| LEADER | 00000cam a2200000 a 4500 | ||
|---|---|---|---|
| 001 | UCZ5560 | ||
| 003 | CL-VaPUC | ||
| 008 | 951124e19540000SP |||||||||||||||||spa|d | ||
| 082 | 0 | 4 | |a 483 |b SEB |2 21 |
| 100 | 0 | |a Sebastián Yarza, Florencio I |e author |9 349646 | |
| 245 | 1 | 0 | |a Diccionario griego-español |
| 250 | |a 1a. ed | ||
| 300 | |a 1643 p | ||
| 942 | |c BK | ||
| 945 | |d 19951124 00:00:00 |a aalvarez | ||
| 260 | |a Barcelona |b Ramón Sopena |c 1954 | ||
| 650 | 7 | |a GRIEGO |2 CL-VaPUC |9 317586 | |
| 650 | 0 | |a Diccionarios |9 256200 | |
| 650 | 0 | |a Español |9 255372 | |
| 583 | |a last modification |c 20170830 16:17:52 |k Rodrigo Vera | ||
| 999 | |c 241856 |d 241854 | ||
| 952 | |0 0 |1 0 |4 0 |6 483_000000000000000_SEB_1954 |7 0 |8 X |9 254377 |a BIBEDU |b BIBEDU |d 2019-11-19 |i 2645211 |l 24 |o 483 SEB 1954 |p 2645211 |r 2023-06-19 |s 2023-06-15 |w 2019-11-19 |y BK_X |k LIT | ||
| 952 | |0 0 |1 0 |4 0 |6 483_000000000000000_SEB_1954 |7 0 |8 X |9 254378 |a BIBHIS |b BIBHIS |d 2019-11-19 |i 1363026 |l 1 |o 483 SEB 1954 |p 1363026 |r 2024-01-30 |s 2023-04-17 |w 2019-11-19 |y BK_X |k HIS | ||
| 952 | |0 0 |1 0 |3 erd |4 0 |6 483_000000000000000_SEB_1954 |7 0 |8 X |9 254379 |a BIBEDU |b BIBEDU |i 5389380 |l 10 |m 1 |o 483 SEB 1954 |p 5389380 |r 2023-01-13 |s 2022-11-29 |w 2019-11-19 |y BK_X |z Catalogado en:20170422 |k FIL | ||